Uczestnicy Klubowych Mistrrzostw Świata 2025 - Statystyki

Ogólne statystyki
  • Ten quiz został rozwiązany 12 razy
    5 od ostatniego zresetowania
  • Średni wynik to 17 z 32
Statystyki odpowiedzi
Sposób awansu Klub % Poprawnych
Ścieżka rankingowa UEFA Bayern Monachium
100%
Ścieżka rankingowa UEFA Borussia Dortmund
100%
Liga Mistrzów UEFA Chelsea F.C.
100%
Copa Libertadores CR Flamengo
100%
Państwo Gospodarz Inter Miami
100%
Liga Mistrzów UEFA Manchester City F.C.
100%
Ścieżka rankingowa UEFA Paris Saint-Germain F.C.
100%
Liga Mistrzów UEFA Real Madryt
100%
Ścieżka rankingowa UEFA Atlético Madryt
80%
Ścieżka rankingowa UEFA Juventus F.C.
80%
Liga Mistrzów AFC Al-Hilal
60%
Liga Mistrzów OFC Auckland City FC
60%
Ścieżka rankingowa CONMEBOL CA Boca Juniors
60%
Ścieżka rankingowa CONMEBOL CA River Plate
60%
Ścieżka rankingowa UEFA Inter Mediolan
60%
Ścieżka rankingowa UEFA Red Bull Salzburg
60%
Copa Libertadores Botafogo
40%
Ścieżka rankingowa UEFA FC Porto
40%
Copa Libertadores Fluminense FC
40%
Zwycięzca meczu play-off Los Angeles FC
40%
Ścieżka rankingowa CAF Mamelodi Sundowns FC
40%
Puchar Mistrzów CONCACAF Seattle Sounders FC
40%
Copa Libertadores SE Palmeiras
40%
Liga Mistrzów AFC Urawa Red Diamonds
40%
Liga Mistrzów CAF Al-Ahly Kair
20%
Puchar Mistrzów CONCACAF CF Pachuca
20%
Ścieżka rankingowa UEFA SL Benfica
20%
Ścieżka rankingowa AFC Ulsan HD FC
20%
Liga Mistrzów CAF Wydad Casablanca
20%
Liga Mistrzów AFC Al-Ain FC
0%
Puchar Mistrzów CONCACAF CF Monterrey
0%
Ścieżka rankingowa CAF Espérance Tunis
0%
Nie znaleziono quizów pasujących do podanych kryteriów
Rozkład punktacji
Procent ludzi z każdym wynikiem
Percentyl według liczby udzielonych odpowiedzi
Twoja historia wyników
Nie rozwiązałeś tego quizu od ostatniego zresetowania